000 00737nam a2200217 a 4500
001 78263
003 BD-RjUL
005 20211209083118.0
008 210831s2019 bg ||||| |||| 00| 0 ben d
035 _a(BD-RjUL)78489
040 _aBD-RjUL
_beng
_cBD-RjUL
041 _aben
082 _223
_a891.443
_bRON 2019
100 _aরায়, চামেলী
_9247255
245 1 0 _aনিস্তব্ধ সিমলার কোলে /
_cচামেলী রায়
260 _aঢাকা :
_bনন্দিতা প্রকাশ,
_c২০১৯
300 _a৬৪ পৃ.;
_c২২ সেমি.
650 _aবাংলা উপন্যাস
_9247256
650 _aBengali novels
_9247257
942 _2ddc
_cBK
999 _c78263
_d78263